Statistics for Countries with a Similar Shape #7

Click here to take the quiz!

General Stats

  • This quiz has been taken 357 times
  • The average score is 5 of 6

Answer Stats

Country% Correct
Australia
99%
China
97%
Kazakhstan
85%
Ukraine
84%
Turkmenistan
72%
Guinea
66%

Score Distribution

Percentile by Number Answered

Percent of People with Each Score

Your Score History

You have not taken this quiz